[Event "Landesklasse Ost 2012/2013"]
[Site "?"]
[Date "2012.12.16"]
[Round "4"]
[White "Kube, Hannelore"]
[Black "Scheller, Thomas"]
[Result "1/2-1/2"]
[WhiteElo "1813"]
[BlackElo "1604"]
[PlyCount "81"]
[EventDate "2012.??.??"]
[WhiteTeam "SV Medizin Erfurt"]
[BlackTeam "SG Arnstadt-Stadtilm"]

1. c4 c5 2. Nc3 Nc6 3. g3 g6 4. Bg2 Bg7 5. e4 b6 6. Nge2 Bb7 7. d3 d6 8. O-O
Nf6 9. h3 h6 10. Be3 Qd7 11. Qd2 O-O-O 12. Nd5 g5 13. d4 cxd4 14. Nxd4 Nxd5 15.
cxd5 Nxd4 16. Bxd4 Bxd4 17. Qxd4 f6 18. a4 Ba6 19. Rfc1+ Kb8 20. b4 Rc8 21. a5
b5 22. Bf1 Rxc1 23. Rxc1 Rc8 24. Qe3 Rxc1 25. Qxc1 Bc8 26. Qc3 a6 27. g4 Qe8
28. Be2 Bb7 29. Bf3 Qd7 30. Kg2 Bc8 31. Be2 Bb7 32. Bf3 Qc7 33. Qxc7+ Kxc7 34.
Kg3 Kd7 35. Bd1 e6 36. Bb3 e5 37. Kf3 Ke7 38. Ke3 Kf7 39. f3 Kg6 40. Bc2 h5 41.
Bd1 1/2-1/2

[Event "Landesklasse Ost 2012/2013"]
[Site "?"]
[Date "2012.12.16"]
[Round "4"]
[White "Hopf, Peter"]
[Black "Eger, Axel"]
[Result "1/2-1/2"]
[WhiteElo "1793"]
[BlackElo "1849"]
[PlyCount "21"]
[EventDate "2012.??.??"]
[WhiteTeam "SG Arnstadt-Stadtilm"]
[BlackTeam "SV Medizin Erfurt"]

1. e4 e6 2. d4 d5 3. exd5 exd5 4. Bd3 Bd6 5. Nf3 Ne7 6. O-O O-O 7. h3 Bf5 8.
Nc3 c6 9. Re1 Bxd3 10. Qxd3 Nd7 11. Bg5 1/2-1/2

[Event "Landesklasse Ost 2012/2013"]
[Site "?"]
[Date "2012.12.16"]
[Round "4"]
[White "Michels, Kim"]
[Black "Pecher, Peter"]
[Result "1-0"]
[WhiteElo "1599"]
[BlackElo "1378"]
[PlyCount "57"]
[EventDate "2012.??.??"]
[WhiteTeam "SV Medizin Erfurt"]
[BlackTeam "SG Arnstadt-Stadtilm"]

1. e4 d6 2. d4 Nf6 3. Nc3 g6 4. Nf3 Bg7 5. Bc4 O-O 6. O-O b6 7. Qe2 c6 8. Rd1
Qc7 9. e5 dxe5 10. dxe5 Ng4 11. e6 f5 12. h3 Nf6 13. Ne5 Ne4 14. Nd7 Rd8 15.
Nxe4 fxe4 16. Qxe4 Re8 17. Bf4 Qb7 18. Nxb8 Rxb8 19. Bxb8 Qxb8 20. Qxc6 Bb7 21.
Qb5 Rc8 22. Bd5 Rc5 23. Qb3 Bxd5 24. Rxd5 Rxd5 25. Qxd5 Bxb2 26. Rd1 Ba3 27.
Qf3 Bd6 28. Qf7+ Kh8 29. Rxd6 1-0

[Event "Landesklasse Ost 2012/2013"]
[Site "?"]
[Date "2012.12.16"]
[Round "4"]
[White "Maaz, Ernst"]
[Black "Stumm, Rainer"]
[Result "1-0"]
[WhiteElo "1867"]
[BlackElo "1632"]
[PlyCount "49"]
[EventDate "2012.??.??"]
[WhiteTeam "SG Arnstadt-Stadtilm"]
[BlackTeam "SV Medizin Erfurt"]

1. d4 e6 2. e3 Nf6 3. Nd2 d5 4. Bd3 c5 5. c3 Nc6 6. f4 Be7 7. Qe2 Qc7 8. Nh3
Bd7 9. O-O h6 10. Nf3 Ne4 11. Ne5 Nf6 12. Bd2 Rf8 13. Rab1 c4 14. Bc2 Na5 15.
Nf2 O-O-O 16. b3 Bb5 17. b4 Rd6 18. a4 Be8 19. bxa5 Qxa5 20. e4 Nd7 21. Rb5 Qc7
22. exd5 Nxe5 23. fxe5 Rxd5 24. Rxd5 exd5 25. Qg4+ 1-0

[Event "Landesklasse Ost 2012/2013"]
[Site "?"]
[Date "2012.12.16"]
[Round "4"]
[White "Steinacker, Alex"]
[Black "Mysliwiec, Jörg"]
[Result "1-0"]
[WhiteElo "2142"]
[BlackElo "2012"]
[PlyCount "89"]
[EventDate "2012.??.??"]
[WhiteTeam "Erfurter Schachklub"]
[BlackTeam "SSV Vimaria 91 Weimar"]

1. e4 c6 2. Nc3 d5 3. Qf3 dxe4 4. Nxe4 Nd7 5. b3 Ngf6 6. Bb2 e6 7. Nxf6+ Nxf6
8. Bd3 Bd6 9. Ne2 Qa5 10. O-O Qd5 11. Qxd5 cxd5 12. Nd4 a6 13. Rae1 O-O 14. f4
Bd7 15. g3 Rac8 16. Kg2 Ne8 17. a4 Nc7 18. Ra1 f6 19. Nf3 Rce8 20. Rfe1 Re7 21.
Bf1 Be8 22. Rac1 Bh5 23. Be2 Rfe8 24. c4 Bb4 25. Bc3 Bxc3 26. Rxc3 Bg6 27. d4
Be4 28. Bd3 e5 29. Bxe4 exd4 30. Nxd4 Rxe4 31. Rxe4 Rxe4 32. Nf5 dxc4 33. bxc4
Ne6 34. Kf3 Re1 35. c5 Ra1 36. Nd6 Rb1 37. Re3 Nd4+ 38. Ke4 Rb4 39. Kd5 g5 40.
Re8+ Kg7 41. Re7+ Kg6 42. Re4 Nc2 43. f5+ Kh5 44. Rxb4 Nxb4+ 45. Ke6 1-0

[Event "Landesklasse Ost 2012/2013"]
[Site "?"]
[Date "2012.12.16"]
[Round "4"]
[White "Rensch, Toralf"]
[Black "Brüggemann, Joachim"]
[Result "1/2-1/2"]
[WhiteElo "1977"]
[BlackElo "2293"]
[PlyCount "120"]
[EventDate "2012.??.??"]
[WhiteTeam "SSV Vimaria 91 Weimar"]
[BlackTeam "Erfurter Schachklub"]

1. e4 c5 2. Nf3 Nc6 3. Bb5 e6 4. Bxc6 bxc6 5. O-O Qc7 6. d3 d6 7. Qe2 e5 8. Ne1
Ne7 9. f4 exf4 10. Bxf4 Ng6 11. Bg3 Be7 12. Nd2 Be6 13. b3 O-O 14. Nc4 Qd7 15.
Nf3 f5 16. exf5 Bxf5 17. Ne3 Be6 18. Qd2 d5 19. d4 cxd4 20. Nxd4 Bg5 21. Rxf8+
Rxf8 22. Re1 Bf7 23. Nf3 Bf6 24. h3 h5 25. Nc4 h4 26. Nce5 Nxe5 27. Bxe5 Bd8
28. Bd4 Qd6 29. b4 Bh5 30. Ne5 Re8 31. Nf3 Re4 32. Bc5 Qf6 33. Rxe4 dxe4 34.
Ne5 Bc7 35. Nc4 Bf4 36. Qd4 Qxd4+ 37. Bxd4 Bf7 38. Ne3 Bxa2 39. Bxa7 Kf7 40.
Kf2 Ke6 41. Bd4 g6 42. Ke2 Bd6 43. c3 Bb1 44. Kf2 Bg3+ 45. Ke2 Bd3+ 46. Kd1 Bf2
47. Kd2 Bg3 48. Kd1 Bf4 49. Ke1 g5 50. Bc5 Kf6 51. Bd4+ Kg6 52. Ng4 Bg3+ 53.
Bf2 Bf4 54. Bd4 Bg3+ 55. Bf2 Bb8 56. Bd4 Kf5 57. Be3 Ba6 58. Bd4 Bg3+ 59. Bf2
Kf4 60. Ne3 Bd3 1/2-1/2

[Event "Landesklasse Ost 2012/2013"]
[Site "?"]
[Date "2012.12.16"]
[Round "4"]
[White "Streltsyn, Grygoriy"]
[Black "Weiß, Thomas"]
[Result "1-0"]
[WhiteElo "2110"]
[BlackElo "1912"]
[PlyCount "93"]
[EventDate "2012.??.??"]
[WhiteTeam "Erfurter Schachklub"]
[BlackTeam "SSV Vimaria 91 Weimar"]

1. d4 e6 2. Nf3 d5 3. Bg5 Be7 4. Bxe7 Qxe7 5. c3 Nf6 6. e3 O-O 7. Bd3 Nbd7 8.
Nbd2 e5 9. Nxe5 Nxe5 10. dxe5 Qxe5 11. Nf3 Qd6 12. Qc2 Re8 13. O-O-O Bg4 14. h3
Bh5 15. g4 Bg6 16. Bxg6 hxg6 17. g5 Ne4 18. h4 b5 19. Rhf1 a5 20. Nd2 Qe6 21.
Nxe4 dxe4 22. Qb3 Qxb3 23. axb3 Rad8 24. Kc2 b4 25. Ra1 Re5 26. Rfd1 Red5 27.
Rd4 Rxd4 28. exd4 Rd5 29. Kd2 Rf5 30. Ke2 c5 31. Rxa5 cxd4 32. Ra8+ Kh7 33.
cxd4 Rf3 34. Re8 Rxb3 35. Rxe4 Rxb2+ 36. Ke3 b3 37. d5 Rb1 38. Rb4 Rd1 39. Ke4
Rb1 40. Kd3 b2 41. Ke2 Rh1 42. Rxb2 Rxh4 43. Rd2 Re4+ 44. Kd3 Re8 45. d6 f6 46.
d7 Rd8 47. Kc4 1-0

[Event "Landesklasse Ost 2012/2013"]
[Site "?"]
[Date "2012.12.16"]
[Round "4"]
[White "Vogel, Steffen"]
[Black "Troyke, Doreen"]
[Result "1-0"]
[WhiteElo "1834"]
[BlackElo "2025"]
[PlyCount "61"]
[EventDate "2012.??.??"]
[WhiteTeam "SSV Vimaria 91 Weimar"]
[BlackTeam "Erfurter Schachklub"]

1. d4 d5 2. c4 c6 3. Nf3 Nf6 4. Nc3 e6 5. Bg5 Be7 6. e3 O-O 7. Rc1 Nbd7 8. cxd5
exd5 9. Bd3 Re8 10. O-O Nf8 11. Qc2 Be6 12. Nd2 Rc8 13. Ne2 Qc7 14. Bf4 Bd6 15.
Rfe1 Bd7 16. Nf1 Ng6 17. Bxd6 Qxd6 18. f3 Qb4 19. e4 dxe4 20. fxe4 Bg4 21. Nfg3
Rcd8 22. h3 Be6 23. a3 Qb6 24. Kh1 Bb3 25. Qc3 a5 26. Rf1 a4 27. Rf3 Rd7 28.
Rcf1 Qc7 29. Qc1 Nh4 30. Rxf6 gxf6 31. Qh6 1-0

[Event "Landesklasse Ost 2012/2013"]
[Site "?"]
[Date "2012.12.16"]
[Round "4"]
[White "Schneider, Thomas"]
[Black "Gebuhr, Günter"]
[Result "1/2-1/2"]
[WhiteElo "1864"]
[BlackElo "1775"]
[PlyCount "107"]
[EventDate "2012.??.??"]
[WhiteTeam "Erfurter Schachklub"]
[BlackTeam "SSV Vimaria 91 Weimar"]

1. e4 c5 2. Nf3 Nc6 3. d4 cxd4 4. Nxd4 Nf6 5. Nc3 d6 6. Be2 e5 7. Nb3 Be6 8.
Bg5 Be7 9. Bxf6 Bxf6 10. O-O a6 11. Nd5 Bxd5 12. Qxd5 Qc7 13. Rfd1 Rd8 14. c4
O-O 15. Qd2 Qb6 16. Nc1 Nd4 17. Bf1 h6 18. Ne2 Bg5 19. Qd3 Nxe2+ 20. Bxe2 Qxb2
21. Rdb1 Qd4 22. Qxd4 exd4 23. Rxb7 Rfe8 24. Bd3 Bd2 25. Rab1 a5 26. R1b5 Re5
27. Rb8 Ree8 28. R8b6 Bb4 29. g3 Ra8 30. f4 f6 31. Kf2 Kf7 32. Rb7+ Re7 33.
Rxe7+ Kxe7 34. Rb7+ Kf8 35. Kf3 Bc5 36. h4 Re8 37. Kg4 Re7 38. Rb5 a4 39. Kf5
Kf7 40. h5 a3 41. Bc2 Rc7 42. e5 fxe5 43. fxe5 dxe5 44. Kxe5 Re7+ 45. Kd5 d3
46. Bxd3 Rd7+ 47. Kxc5 Rxd3 48. Kb6 Rd2 49. c5 Rxa2 50. Ra5 Rb2+ 51. Kc7 a2 52.
c6 Ke7 53. Ra3 Re2 54. Ra5 1/2-1/2

[Event "Landesklasse Ost 2012/2013"]
[Site "?"]
[Date "2012.12.16"]
[Round "4"]
[White "Mitter, Frank"]
[Black "Fischer, Dieter"]
[Result "1/2-1/2"]
[WhiteElo "1770"]
[BlackElo "1941"]
[PlyCount "102"]
[EventDate "2012.??.??"]
[WhiteTeam "SSV Vimaria 91 Weimar"]
[BlackTeam "Erfurter Schachklub"]

1. d4 d5 2. c4 Bf5 3. Nf3 e6 4. Nc3 c6 5. e3 Nf6 6. Bd3 Bxd3 7. Qxd3 Nbd7 8.
O-O Be7 9. e4 dxe4 10. Nxe4 O-O 11. Nxf6+ Bxf6 12. Rd1 Qc7 13. Bg5 Rad8 14.
Bxf6 Nxf6 15. Qe2 c5 16. dxc5 Qxc5 17. Ne5 Qa5 18. a3 h6 19. h3 Rxd1+ 20. Rxd1
Rd8 21. Rxd8+ Qxd8 22. Kf1 Qd4 23. Nf3 Qf4 24. g3 Qc7 25. Qd3 e5 26. Nd2 Qc6
27. f3 Qc7 28. Ne4 Nxe4 29. Qxe4 g6 30. b4 Qd7 31. g4 Qc7 32. Kf2 Kg7 33. Kg2
b6 34. Qd5 h5 35. c5 hxg4 36. hxg4 bxc5 37. bxc5 e4 38. fxe4 Qf4 39. c6 Qxg4+
40. Kf2 Qf4+ 41. Ke2 Qc1 42. Qe5+ Kh7 43. c7 Qc4+ 44. Ke3 a6 45. Qe7 Kg7 46.
Qd8 Qc1+ 47. Kd4 Qb2+ 48. Kd5 Qb3+ 49. Kd4 Qb2+ 50. Kc4 Qc2+ 51. Kd4 Qb2+
1/2-1/2

[Event "Landesklasse Ost 2012/2013"]
[Site "?"]
[Date "2012.12.16"]
[Round "4"]
[White "Möller, Frank"]
[Black "Latka, Robert"]
[Result "0-1"]
[WhiteElo "1679"]
[BlackElo "1680"]
[PlyCount "117"]
[EventDate "2012.??.??"]
[WhiteTeam "Erfurter Schachklub"]
[BlackTeam "SSV Vimaria 91 Weimar"]

1. e4 c5 2. c3 d5 3. exd5 Qxd5 4. Nf3 Bg4 5. Be2 Nf6 6. O-O e6 7. d4 Be7 8. h3
Bf5 9. Bf4 O-O 10. Nbd2 Nc6 11. Ne5 cxd4 12. Nxc6 bxc6 13. Bf3 Qd7 14. Nc4 dxc3
15. Qxd7 Nxd7 16. bxc3 Bf6 17. Rad1 e5 18. Nd6 exf4 19. Nxf5 Ne5 20. Be4 Rab8
21. Rb1 c5 22. Nd6 Rfd8 23. Nb7 Rd2 24. Nxc5 Rc8 25. Nb3 Rxa2 26. Bd5 Rc2 27.
Ra1 Rc7 28. Nd4 Rd2 29. Rfb1 g6 30. Ra3 Nd3 31. Ra2 Rxa2 32. Bxa2 Rxc3 33. Nb5
Rc2 34. Bd5 a6 35. Nd6 Rc1+ 36. Rxc1 Nxc1 37. Bxf7+ Kf8 38. Bc4 a5 39. Ne4 Bd8
40. Nc3 Ke7 41. Nd5+ Kd6 42. Nxf4 a4 43. Nd3 Nxd3 44. Bxd3 Kc5 45. Kf1 a3 46.
Bb1 Kb4 47. Ba2 Kc3 48. Ke2 Kb2 49. Bf7 a2 50. Bxa2 Kxa2 51. Kf3 Bb6 52. g4 Kb3
53. Kg3 Kc4 54. f4 Kd5 55. f5 g5 56. Kg2 Bd4 57. Kf3 h6 58. Ke2 Ke4 59. Kd2 0-1

[Event "Landesklasse Ost 2012/2013"]
[Site "?"]
[Date "2012.12.16"]
[Round "4"]
[White "Petigk, Falk"]
[Black "August, Christian"]
[Result "0-1"]
[WhiteElo "1674"]
[BlackElo "1946"]
[PlyCount "78"]
[EventDate "2012.??.??"]
[WhiteTeam "SSV Vimaria 91 Weimar"]
[BlackTeam "Erfurter Schachklub"]

1. e4 e5 2. Nf3 Nc6 3. Bb5 a6 4. Ba4 Nf6 5. O-O Be7 6. Re1 b5 7. Bb3 O-O 8. d4
d6 9. c3 Bg4 10. Bc2 Bxf3 11. gxf3 Nh5 12. f4 Nxf4 13. Qg4 Ng6 14. Be3 Bf6 15.
d5 Nce7 16. Nd2 Nh4 17. f4 exf4 18. Bxf4 Neg6 19. Bg3 Ne5 20. Qh5 Bg5 21. Kh1
g6 22. Qe2 Bxd2 23. Qxd2 Nhf3 24. Qh6 Nxe1 25. Rxe1 Qf6 26. Bd1 Qg7 27. Qe3 f5
28. Bf4 Nc4 29. Qh3 Rfe8 30. b3 Nb6 31. c4 bxc4 32. Bd2 Qd4 33. Qg2 Rxe4 34.
Rf1 Rae8 35. Bf3 c3 36. Bxc3 Qxc3 37. Bxe4 Rxe4 38. Rxf5 Re1+ 39. Rf1 Qa1 0-1

[Event "Landesklasse Ost 2012/2013"]
[Site "?"]
[Date "2012.12.16"]
[Round "4"]
[White "Hoffmann, Tim"]
[Black "Sack, Matthias"]
[Result "1/2-1/2"]
[WhiteElo "1864"]
[BlackElo "1964"]
[PlyCount "42"]
[EventDate "2012.??.??"]
[WhiteTeam "ESV Gera"]
[BlackTeam "SV Hermsdorf"]

1. e4 c5 2. Nf3 Nc6 3. d4 cxd4 4. Nxd4 g6 5. Nc3 Bg7 6. Be3 Nf6 7. Bc4 Qa5 8.
O-O O-O 9. Nb3 Qc7 10. f4 d6 11. Be2 a6 12. a4 Na5 13. Nxa5 Qxa5 14. Bf3 Be6
15. g4 Rac8 16. Nd5 Nxd5 17. exd5 Bd7 18. c3 Qc7 19. a5 Bb5 20. Re1 Rfe8 21.
Qd2 Qd7 1/2-1/2

[Event "Landesklasse Ost 2012/2013"]
[Site "?"]
[Date "2012.12.16"]
[Round "4"]
[White "Hadlich, Gerald"]
[Black "Puschendorf, Steffen"]
[Result "1/2-1/2"]
[WhiteElo "1806"]
[BlackElo "2105"]
[PlyCount "28"]
[EventDate "2012.??.??"]
[WhiteTeam "SV Hermsdorf"]
[BlackTeam "ESV Gera"]

1. e4 e6 2. d4 d5 3. Nd2 dxe4 4. Nxe4 Nd7 5. Nf3 Ngf6 6. Nxf6+ Nxf6 7. c3 c5 8.
Ne5 a6 9. Be3 cxd4 10. Bxd4 Qd5 11. Be2 Bd6 12. Bf3 Qb5 13. Qe2 Qxe2+ 14. Kxe2
O-O 1/2-1/2

[Event "Landesklasse Ost 2012/2013"]
[Site "?"]
[Date "2012.12.16"]
[Round "4"]
[White "Gläßl, Matthias"]
[Black "Moje, Hans-Jürgen"]
[Result "1-0"]
[WhiteElo "2071"]
[BlackElo "1783"]
[PlyCount "79"]
[EventDate "2012.??.??"]
[WhiteTeam "ESV Gera"]
[BlackTeam "SV Hermsdorf"]

1. e4 e5 2. Nf3 Nc6 3. Bc4 Bc5 4. c3 Nf6 5. d3 h6 6. b4 Bd6 7. O-O O-O 8. Re1
Ne7 9. d4 Ng6 10. dxe5 Bxe5 11. Nxe5 Nxe5 12. Bb3 d6 13. h3 Be6 14. Bf4 Bxb3
15. axb3 Qe7 16. Bg3 Rfd8 17. c4 a6 18. Nc3 Qd7 19. f4 Nc6 20. b5 Nb4 21. Ra4
a5 22. Bh4 Re8 23. Bxf6 gxf6 24. Qh5 Kh7 25. Rxb4 axb4 26. Nd5 Qe6 27. Nxc7 Qe7
28. Qf5+ Kh8 29. Nxe8 Rxe8 30. Qh5 Kh7 31. Re3 Rg8 32. Qf5+ Kh8 33. Rd3 Re8 34.
Rd4 b6 35. Qd5 Rd8 36. Kh2 Kg7 37. e5 fxe5 38. fxe5 Rd7 39. exd6 Qf6 40. c5 1-0

[Event "Landesklasse Ost 2012/2013"]
[Site "?"]
[Date "2012.12.16"]
[Round "4"]
[White "Pietzsch, Gerhard"]
[Black "Schmidt, Frank"]
[Result "1/2-1/2"]
[WhiteElo "1804"]
[BlackElo "1937"]
[PlyCount "39"]
[EventDate "2012.??.??"]
[WhiteTeam "SV Hermsdorf"]
[BlackTeam "ESV Gera"]

1. e4 e6 2. d4 d5 3. Nc3 Nf6 4. Bg5 Bb4 5. e5 h6 6. Bd2 Bxc3 7. bxc3 Ne4 8. Nf3
c5 9. Bd3 Nxd2 10. Qxd2 c4 11. Be2 Bd7 12. a4 Nc6 13. O-O b6 14. Ne1 Qe7 15. f4
O-O-O 16. Bg4 g6 17. Bh3 Rdg8 18. Nf3 Kb7 19. Qc1 Ka8 20. Qe3 1/2-1/2

[Event "Landesklasse Ost 2012/2013"]
[Site "?"]
[Date "2012.12.16"]
[Round "4"]
[White "Senf, Paul"]
[Black "Markowski, Erhard"]
[Result "0-1"]
[WhiteElo "1586"]
[BlackElo "1713"]
[PlyCount "78"]
[EventDate "2012.??.??"]
[WhiteTeam "ESV Gera"]
[BlackTeam "SV Hermsdorf"]

1. e4 c5 2. Nf3 Nc6 3. d4 cxd4 4. Nxd4 g6 5. Nc3 Bg7 6. Be3 Nf6 7. Bc4 Ng4 8.
Nxc6 Nxe3 9. Bxf7+ Kf8 10. Nxd8 Nxd1 11. Nxd1 e6 12. c3 Ke7 13. Nxe6 dxe6 14.
Bxg6 hxg6 15. Ne3 Bd7 16. Rd1 Bc6 17. f3 Be5 18. Ng4 Bc7 19. Nf2 Bxh2 20. Nh3
Bg3+ 21. Ke2 e5 22. b3 a5 23. c4 Rac8 24. a4 Rcd8 25. Rxd8 Kxd8 26. Rd1+ Ke7
27. Rf1 Bd7 28. Rh1 g5 29. Kd3 g4 30. fxg4 Bxg4 31. Rf1 Bxh3 32. gxh3 Rxh3 33.
Rf3 Kd6 34. Re3 Kc5 35. Rf3 Kb4 36. Re3 Kxb3 37. Ke2+ Kxc4 38. Kf1 Kd4 39. Rb3
Rh2 0-1

[Event "Landesklasse Ost 2012/2013"]
[Site "?"]
[Date "2012.12.16"]
[Round "4"]
[White "Pietsch, Karsten"]
[Black "Hilbig, Dieter"]
[Result "1/2-1/2"]
[WhiteElo "1661"]
[BlackElo "1859"]
[PlyCount "120"]
[EventDate "2012.??.??"]
[WhiteTeam "SV Hermsdorf"]
[BlackTeam "ESV Gera"]

1. d4 Nf6 2. c4 e6 3. Nc3 d5 4. Bg5 Be7 5. e3 O-O 6. Nf3 Nbd7 7. Rc1 c6 8. Bd3
Re8 9. O-O Nf8 10. Ne5 N6d7 11. Bf4 Nxe5 12. Bxe5 Bd6 13. f4 Bb4 14. f5 f6 15.
Bf4 exf5 16. cxd5 Bxc3 17. Rxc3 cxd5 18. Qb3 Kh8 19. Rc5 g5 20. Bg3 Rxe3 21.
Bf2 Re7 22. Rxd5 Qe8 23. Bxf5 Bxf5 24. Rxf5 Qf7 25. d5 Re5 26. Rxe5 fxe5 27.
Bc5 Qg7 28. Qe3 Ng6 29. Qxg5 b6 30. Bb4 Rg8 31. Bc3 h6 32. Qg3 Qe7 33. Qe3 Kh7
34. Bd2 Qc5 35. Qxc5 bxc5 36. Rf7+ Rg7 37. Rxg7+ Kxg7 38. Be3 c4 39. Bxa7 Nf4
40. d6 Kf7 41. Be3 Nd3 42. Bxh6 Nxb2 43. h4 c3 44. Kf1 Ke6 45. Ke2 Kxd6 46. h5
Ke6 47. g4 Kf7 48. Ke3 Nd1+ 49. Ke2 Nb2 50. Kf3 Nd3 51. Be3 c2 52. a4 Nb2 53.
Ke4 Ke6 54. g5 Nxa4 55. h6 Nc5+ 56. Kf3 Kf7 57. Ke2 Nb3 58. Kd3 c1=Q 59. Bxc1
Nxc1+ 60. Ke4 Kg6 1/2-1/2

[Event "Landesklasse Ost 2012/2013"]
[Site "?"]
[Date "2012.12.16"]
[Round "4"]
[White "Steinmüller, Johannes"]
[Black "Plötner, Jens"]
[Result "1/2-1/2"]
[WhiteElo "1761"]
[BlackElo "1716"]
[PlyCount "100"]
[EventDate "2012.??.??"]
[WhiteTeam "ESV Gera"]
[BlackTeam "SV Hermsdorf"]

1. e4 c6 2. d4 d5 3. Nc3 dxe4 4. Nxe4 Nd7 5. Nf3 Ngf6 6. Nxf6+ Nxf6 7. Bc4 Bf5
8. O-O e6 9. c3 Qc7 10. Ne5 Bd6 11. f4 O-O 12. Bd3 Bxd3 13. Qxd3 Rad8 14. Qe2
c5 15. dxc5 Bxc5+ 16. Be3 Nd7 17. Nd3 Bxe3+ 18. Qxe3 b6 19. Rad1 Rfe8 20. Rd2
e5 21. fxe5 Nxe5 22. Nxe5 Rxd2 23. Qxd2 Qxe5 24. Qd7 Qc5+ 25. Qd4 Re2 26. Qxc5
bxc5 27. Rf2 Re1+ 28. Rf1 Rxf1+ 29. Kxf1 Kf8 30. Ke2 Ke7 31. Kd3 Kd6 32. Ke4 f6
33. b4 g6 34. b5 f5+ 35. Kd3 g5 36. a4 h5 37. a5 h4 38. Kc4 g4 39. Kd3 f4 40.
Ke2 c4 41. h3 gxh3 42. gxh3 Kc5 43. b6 axb6 44. axb6 Kxb6 45. Kf3 Kc5 46. Kxf4
Kd5 47. Kf5 Kd6 48. Ke4 Ke6 49. Kf4 Kd5 50. Kf5 Kd6 1/2-1/2

[Event "Landesklasse Ost 2012/2013"]
[Site "?"]
[Date "2012.12.16"]
[Round "4"]
[White "Sacher, Meik"]
[Black "Kupper, Matthias"]
[Result "1/2-1/2"]
[WhiteElo "1933"]
[BlackElo "1772"]
[PlyCount "24"]
[EventDate "2012.??.??"]
[WhiteTeam "SV Hermsdorf"]
[BlackTeam "ESV Gera"]

1. e4 c5 2. Nc3 Nc6 3. g3 d6 4. Bg2 Nf6 5. f4 Bg4 6. Nf3 Nd4 7. h3 Bxf3 8. Bxf3
Qb6 9. Bg2 e6 10. O-O Be7 11. Na4 Qa6 12. Nc3 O-O 1/2-1/2

[Event "Landesklasse Ost 2012/2013"]
[Site "?"]
[Date "2012.12.16"]
[Round "4"]
[White "Osterloh, Felix"]
[Black "Skibbe, Diana"]
[Result "1-0"]
[WhiteElo "1816"]
[BlackElo "1952"]
[PlyCount "73"]
[EventDate "2012.??.??"]
[WhiteTeam "SV Schott Jena"]
[BlackTeam "TSV Zeulenroda"]

1. e4 e5 2. Nf3 Nc6 3. Bb5 a6 4. Ba4 Nf6 5. Qe2 b5 6. Bb3 Bc5 7. c3 d6 8. d3
O-O 9. Nbd2 Ne7 10. O-O Ng6 11. d4 Bb6 12. Rd1 Nf4 13. Qf1 Qe7 14. Bc2 c5 15.
dxe5 dxe5 16. c4 Bd7 17. Nb1 Ng6 18. Bg5 Bc6 19. Nc3 b4 20. Nd5 Bxd5 21. exd5
h6 22. Bxg6 hxg5 23. Bc2 g4 24. Ng5 g6 25. Qe2 Bc7 26. Ne4 Nxe4 27. Bxe4 f5 28.
d6 Bxd6 29. Bxa8 Rxa8 30. Qd2 Rd8 31. Qh6 Qf6 32. Rd5 Rd7 33. Qd2 Kf7 34. Rd1
Ke7 35. Rxe5+ Bxe5 36. Qxd7+ Kf8 37. Qc8+ 1-0

[Event "Landesklasse Ost 2012/2013"]
[Site "?"]
[Date "2012.12.16"]
[Round "4"]
[White "Ahnert, Toni"]
[Black "Seifert, Michael"]
[Result "1-0"]
[WhiteElo "1937"]
[BlackElo "1723"]
[PlyCount "47"]
[EventDate "2012.??.??"]
[WhiteTeam "TSV Zeulenroda"]
[BlackTeam "SV Schott Jena"]

1. Nf3 Nf6 2. g3 g6 3. Bg2 Bg7 4. O-O d6 5. d4 O-O 6. c4 Nbd7 7. Nc3 e5 8. e4
Qe7 9. Bg5 c6 10. Qd2 Re8 11. Rad1 Qf8 12. h3 h6 13. Be3 Kh7 14. Kh2 Ng8 15.
Nh4 Ne7 16. f4 f5 17. fxe5 dxe5 18. exf5 g5 19. Ng6 Qf7 20. Nxe7 Rxe7 21. d5
Nb6 22. b3 Bd7 23. Ne4 Ree8 24. Nd6 1-0

[Event "Landesklasse Ost 2012/2013"]
[Site "?"]
[Date "2012.12.16"]
[Round "4"]
[White "Schlachetka, Werner"]
[Black "Barth, Christian"]
[Result "1-0"]
[WhiteElo "1904"]
[BlackElo "1881"]
[PlyCount "73"]
[EventDate "2012.??.??"]
[WhiteTeam "SV Schott Jena"]
[BlackTeam "TSV Zeulenroda"]

1. e4 e5 2. Nc3 Nf6 3. g3 d5 4. exd5 Nxd5 5. Bg2 Nxc3 6. bxc3 Bd6 7. Ne2 c6 8.
O-O Bg4 9. h3 Be6 10. d3 Qd7 11. Kh2 O-O 12. f4 Bd5 13. Bxd5 cxd5 14. fxe5 Bxe5
15. d4 Bf6 16. Nf4 Nc6 17. Qf3 Rfd8 18. Nh5 Bxd4 19. cxd4 Nxd4 20. Qf4 Ne6 21.
Qg4 Qc6 22. Rf2 Rac8 23. Bg5 Qb6 24. Raf1 Nxg5 25. Qxg5 Qg6 26. Qxg6 hxg6 27.
Nf4 g5 28. Nd3 Rc7 29. Re1 f5 30. Rd2 Rdc8 31. Ree2 Rc4 32. Nc1 Kf7 33. Kg2
R8c5 34. Kf2 Ra5 35. Rd3 Rac5 36. Nb3 Rc6 37. Na5 1-0

[Event "Landesklasse Ost 2012/2013"]
[Site "?"]
[Date "2012.12.16"]
[Round "4"]
[White "Wolfram, Thomas"]
[Black "Berkov, Mikhail"]
[Result "1-0"]
[WhiteElo "1721"]
[BlackElo "1750"]
[PlyCount "45"]
[EventDate "2012.??.??"]
[WhiteTeam "TSV Zeulenroda"]
[BlackTeam "SV Schott Jena"]

1. d4 Nf6 2. e3 d5 3. Bd3 e6 4. Nd2 c5 5. c3 Nc6 6. f4 Be7 7. Ngf3 O-O 8. Ne5
Bd7 9. O-O c4 10. Bc2 b5 11. e4 b4 12. Qf3 Re8 13. Nxd7 Qxd7 14. e5 Ne4 15.
Nxe4 dxe4 16. Bxe4 Rac8 17. f5 bxc3 18. fxe6 fxe6 19. Qf7+ Kh8 20. bxc3 Nxd4
21. Bh6 Nf5 22. Rxf5 gxh6 23. Rf2 1-0

[Event "Landesklasse Ost 2012/2013"]
[Site "?"]
[Date "2012.12.16"]
[Round "4"]
[White "Mauch, Johannes"]
[Black "Werner, Daniel"]
[Result "0-1"]
[WhiteElo "1580"]
[BlackElo "1713"]
[PlyCount "96"]
[EventDate "2012.??.??"]
[WhiteTeam "SV Schott Jena"]
[BlackTeam "TSV Zeulenroda"]

1. Nf3 Nc6 2. g3 e5 3. d3 Nf6 4. Nbd2 d5 5. e4 dxe4 6. dxe4 a6 7. c3 Bc5 8. Bg2
O-O 9. O-O Be6 10. Qc2 Qe7 11. Re1 Rfd8 12. b3 Bb6 13. Nf1 Ng4 14. Ne3 Rd7 15.
h3 Nxe3 16. Bxe3 Bxe3 17. Rxe3 Rad8 18. Ree1 f6 19. Rad1 Qc5 20. Nh4 Nb4 21.
Rxd7 Rxd7 22. Qe2 Qxc3 23. a3 Nc6 24. Rb1 Qd3 25. Qb2 Qd2 26. b4 Qxb2 27. Rxb2
Rd1+ 28. Kh2 Ra1 29. b5 axb5 30. Rxb5 b6 31. Nf5 Rxa3 32. Rb2 Rc3 33. Ne3 Ne7
34. Nd5 Nxd5 35. exd5 Bf5 36. Ra2 Rc2 37. Ra8+ Kf7 38. Kg1 g5 39. Ra7 Ke7 40.
g4 Bg6 41. Kf1 Kd6 42. Ra8 Bd3+ 43. Kg1 Ke7 44. Rb8 Rc1+ 45. Kh2 e4 46. Rh8 Kd6
47. Rxh7 e3 48. Rf7 e2 0-1

[Event "Landesklasse Ost 2012/2013"]
[Site "?"]
[Date "2012.12.16"]
[Round "4"]
[White "Riemer, Marion"]
[Black "Jordan, Gunter"]
[Result "0-1"]
[WhiteElo "1783"]
[BlackElo "1845"]
[PlyCount "92"]
[EventDate "2012.??.??"]
[WhiteTeam "TSV Zeulenroda"]
[BlackTeam "SV Schott Jena"]

1. e4 e5 2. f4 Bc5 3. Nf3 d6 4. Bc4 Qe7 5. Ng5 exf4 6. Bxf7+ Kd8 7. h4 Nf6 8.
d4 Nxe4 9. Qe2 Nxg5 10. Qxe7+ Kxe7 11. hxg5 Bxd4 12. g6 h6 13. c3 Be5 14. O-O
Be6 15. Bxf4 Bxf7 16. Bxe5 Bxg6 17. Bxg7 Rh7 18. Bf6+ Kd7 19. Nd2 Nc6 20. Nf3
Rf7 21. Bh4 Raf8 22. Rae1 Bh5 23. Nd2 Rxf1+ 24. Rxf1 Rxf1+ 25. Kxf1 Ne5 26. Ne4
Ke6 27. Nf6 Bg6 28. Ke2 Nd3 29. Ng8 h5 30. Ke3 Nxb2 31. Kf4 Nd1 32. Be1 Bf7 33.
Nh6 Be8 34. Kg5 Kd5 35. Nf5 Kc4 36. Ng7 Bc6 37. g3 Nxc3 38. Nxh5 Ne4+ 39. Kf4
d5 40. g4 d4 41. g5 d3 42. g6 Kd4 43. g7 Bd5 44. a3 c5 45. a4 c4 46. Ng3 Nxg3
0-1

[Event "Landesklasse Ost 2012/2013"]
[Site "?"]
[Date "2012.12.16"]
[Round "4"]
[White "Flechsig, Bernd"]
[Black "Stieber, Mike"]
[Result "1-0"]
[WhiteElo "1707"]
[BlackElo "1520"]
[PlyCount "41"]
[EventDate "2012.??.??"]
[WhiteTeam "SV Schott Jena"]
[BlackTeam "TSV Zeulenroda"]

1. e4 e5 2. d4 exd4 3. Qxd4 Nc6 4. Qe3 g6 5. Nc3 Bg7 6. Bd2 d6 7. O-O-O Nge7 8.
f4 O-O 9. h4 Be6 10. h5 f5 11. Nf3 fxe4 12. Ng5 Qd7 13. hxg6 h6 14. Nxe6 Qxe6
15. g4 Qxg6 16. Bc4+ Kh7 17. Nxe4 Bd4 18. Qh3 Kg7 19. f5 Nxf5 20. gxf5 Qxf5 21.
Qxh6# 1-0